Державна служба: теорія і практика (Запис № 309225)

МАРК-запис
000 -Лідер
fixed length control field 00723nam a22002657a 4500
001 - Контрольний номер
control field 22991
003 - Ідентифікатор контрольного номера
control field UA-OsUOA
005 - Дата та час останнього входження (трансакції)
control field 20191224143740.0
007 - Фіксоване поле фізичного опису
fixed length control field ta
008 - Елементи даних фіксованої довжини – загальна інформація
fixed length control field 20040105b un ||||| |||| 00| 0 ukr d
020 ## - Міжнародний стандартний книжковий номер (ISBN)
Міжнародний стандартний книжковий номер (ISBN) (НП) 966-8074-39-4
040 ## - Джерело каталогізації
Агенція оригінальної каталогізації UA-OsUOA
Мова каталогізації ukr
Агенція, яка здійснювала перезапис UA-OsUOA
Агенція, яка здійснювала модифікацію UA-OsUOA
041 ## - Код мови
Код мови тексту/ звукової доріжки чи окремого заголовка (П) ukr
044 ## - Код країни видавця/ виробника
Код країни видавця/ виробника (П) UA
080 ## - Індекс Універсальної десяткової класифікації
Індекс Універсальної десяткової класифікації (УДК) (НП) 35.08 (477)
090 ## - Локальний шифр розміщення
Класифікаційний індекс УДК 35.08 (477)
Авторський знак (НП) М19
100 ## - Основне введення – ім’я особи
Ім’я особи (НП) Малиновський В. Я.
245 ## - Відомості про назву
Назва (НП) Державна служба: теорія і практика
Решта назви (НП) навч. посібник
260 ## - Публікація, розповсюдження і т.п. (Вихідні дані)
Місце публікації, розповсюдження і т.п. (П) К.
Ім’я/ наймення видавництва, розповсюджувача і т.п. (П) Атіка
Дата публікації, розповсюдження і т.п. (П) 2003
300 ## - Фізичний опис
Обсяг 160 с.
650 #7 - Додаткове предметне введення – тематичний термін
Джерело заголовка чи терміна UDC
942 ## - Додаткові елементи входу (Коха)
Тип елемента Koha Книги
Source of classification or shelving scheme Universal Decimal Classification
955 ## - Код типу видання за змістом
Код типу видання за змістом (НП) інше
Фонди
Стан вилучень Стан втрат Джерело класифікації або схеми стелажів Стан уражень Не для кредиту Постійне місце розташування Поточне розміщення Дата придбання Вартість, звичайна ціна покупки Інвентарний номер Усього замовленно Повний номер виклику Штрих-код Дата останнього перегляду Ціна ефективна від Тип елемента Koha Усього утримується Джерело придбання
    Universal Decimal Classification     ЧЗ - Читальна зала ЧЗ - Читальна зала 27/04/2004 18.00 75665   35.08 (477) М19 75665 09/02/2022 05/01/2004 Книги    
    Universal Decimal Classification     ЧЗ - Читальна зала ЧЗ - Читальна зала 27/04/2004 22.57 75666   35.08 (477) М19 75666 09/02/2022 05/01/2004 Книги    
Withdrawn   Universal Decimal Classification     ЧЗ - Читальна зала ЧЗ - Читальна зала 27/04/2004 22.57 75667   35.08 (477) М19 75667 13/07/2019 05/01/2004 Книги 1  
Withdrawn   Universal Decimal Classification     ЧЗ - Читальна зала ЧЗ - Читальна зала 27/04/2004 22.57 75668   35.08 (477) М19 75668 13/07/2019 05/01/2004 Книги    
    Universal Decimal Classification     ЧЗ - Читальна зала ЧЗ - Читальна зала 27/04/2004 22.57 75669   35.08 (477) М19 75669 09/02/2022 05/01/2004 Книги    
    Universal Decimal Classification     ЧЗ - Читальна зала ЧЗ - Читальна зала 27/04/2004 22.57 75670   35.08 (477) М19 75670 09/02/2022 05/01/2004 Книги    
    Universal Decimal Classification     ЧЗ - Читальна зала ЧЗ - Читальна зала 27/04/2004 22.57 75671   35.08 (477) М19 75671 09/02/2022 05/01/2004 Книги    
    Universal Decimal Classification     ЧЗ - Читальна зала ЧЗ - Читальна зала 27/04/2004 22.57 75672   35.08 (477) М19 75672 09/02/2022 05/01/2004 Книги    
    Universal Decimal Classification     ЧЗ - Читальна зала ЧЗ - Читальна зала 27/04/2004 22.57 75673   35.08 (477) М19 75673 09/02/2022 05/01/2004 Книги    
    Universal Decimal Classification     ЧЗ - Читальна зала ЧЗ - Читальна зала 27/04/2004 22.57 75674   35.08 (477) М19 75674 09/02/2022 05/01/2004 Книги    
    Universal Decimal Classification     ЧЗ - Читальна зала ЧЗ - Читальна зала 05/01/2004 7.00 76742   35.08 (477) М19 76742 09/02/2022 05/01/2004 Книги    
Withdrawn   Universal Decimal Classification   Not For Loan ЧЗ - Читальна зала ЧЗ - Читальна зала 05/01/2004 26.20 76743   35.08 (477) М19 76743 13/07/2019 05/01/2004 Книги 1  
    Universal Decimal Classification     ЧЗ - Читальна зала ЧЗ - Читальна зала 19/06/2006 13.00 96943   35(075.8) М19 96943 09/02/2022 19/06/2006 Книги   62/2006